[Event "SVR op"]
[Site "Nickenich"]
[Date "2015.03.28"]
[Round "1"]
[White "Biegel, Marco"]
[Black "Wladimir, Markus"]
[Result "0-1"]
[WhiteElo "1210"]
[BlackElo "1671"]
[PlyCount "90"]
[EventDate "2015.03.28"]
[EventType "swiss"]
[EventRounds "7"]
[EventCountry "GER"]
[SourceTitle "EXT 2016"]
[Source "ChessBase"]
[SourceDate "2015.10.08"]
[SourceVersion "1"]
[SourceVersionDate "2015.10.08"]
[SourceQuality "1"]

1. e4 g6 2. d4 Bg7 3. Nf3 d6 4. Bc4 e6 5. 0-0 Nd7 6. Re1 Ne7 7. Bf4 a6 8. a4 b6 9. Nc3 Bb7 10. d5 e5 11. Bg3 h6 12. h3 Nf6 13. Bh2 Bc8 14. Qd2 g5 15. Rad1 Ng6 16. Be2 Nf4 17. Bxf4 gxf4 18. Bc4 Nh7 19. Qe2 Ng5 20. Nxg5 Qxg5 21. Qf3 Rg8 22. Kh1 h5 23. Rg1 Qh4 24. Qd3 Bh6 25. Kh2 Qxf2 26. Rdf1 Qh4 27. Rh1 Rg3 28. Qxg3 fxg3+ 29. Kg1 Be3+ 30. Rf2 gxf2+ 31. Kf1 f5 32. Nd1 Qxe4 33. Nxe3 Qxe3 34. g3 Qxg3 35. Ke2 Qg1 36. Rxg1 fxg1Q 37. Kd2 Qd4+ 38. Kc1 Qxc4 39. b3 Qe2 40. Kb2 f4 41. Kb1 Bf5 42. Kb2 Qxc2+ 43. Ka3 Qc1+ 44. Kb4 a5+ 45. Kb5 Bd3# 0-1

[Event "SVR-op"]
[Site "Heimbach Weis"]
[Date "2014.04.12"]
[Round "2"]
[White "Biegel, Marco"]
[Black "Roesch, Uwe"]
[Result "1-0"]
[WhiteElo "1022"]
[BlackElo "1430"]
[PlyCount "75"]
[EventDate "2014.04.11"]
[EventType "swiss"]
[EventRounds "7"]
[EventCountry "GER"]
[SourceTitle "CBM 160 Extra"]
[Source "ChessBase"]
[SourceDate "2014.07.01"]
[SourceVersion "1"]
[SourceVersionDate "2014.07.01"]
[SourceQuality "1"]

1. e4 g6 2. d4 d6 3. g4 Nd7 4. Nc3 Bg7 5. Nf3 e5 6. d5 Ngf6 7. h3 0-0 8. Bg5 a6 9. Qd2 Qe8 10. Bh6 Nc5 11. Bxg7 Kxg7 12. Bd3 Bd7 13. 0-0-0 b5 14. Qe3 Nxd3+ 15. Rxd3 b4 16. Ne2 Bb5 17. Rdd1 a5 18. g5 Nd7 19. h4 Nc5 20. Kd2 Na4 21. Rb1 Nb6 22. b3 a4 23. h5 axb3 24. axb3 Qd7 25. Rh4 c5 26. Ke1 Ra2 27. Rc1 Rfa8 28. Nd2 Ra1 29. Nb1 Qa7 30. hxg6 fxg6 31. Qh3 Rh8 32. f4 Bxe2 33. Kxe2 exf4 34. Rxf4 Qe7 35. Rcf1 Qxg5 36. Rf7+ Kg8 37. Rf8+ Kg7 38. R1f7# 1-0